书目信息 |
| 题名: |
画坛点将录
|
|
| 作者: | 陈传席 著 | |
| 分册: | ||
| 出版信息: | 北京 中国青年出版社 2015 |
|
| 页数: | 411页 | |
| 开本: | 24cm | |
| 丛书名: | ||
| 单 册: | ||
| 中图分类: | K825.72=7 , J212.05 | |
| 科图分类: | ||
| 主题词: | 画家--人物研究--中国--现代 , 中国画--绘画评论--中国--现代 | |
| 电子资源: | ||
| ISBN: | 978-7-5153-3306-9 | |
| 000 | 00918nam0 2200253 450 | |
| 001 | 5768 | |
| 005 | 20180529221643.33 | |
| 010 | @a978-7-5153-3306-9@dCNY48.00 | |
| 100 | @a20150712d2015 em y0chiy50 ea | |
| 101 | 0 | @achi |
| 102 | @aCN@b110000 | |
| 105 | @aa z 000yd | |
| 200 | 1 | @a画坛点将录@9hua tan dian jiang lu@e评现代名家与大家@f陈传席著 |
| 210 | @a北京@c中国青年出版社@d2015 | |
| 215 | @a411页@c图@d24cm | |
| 330 | @a本书为著名美术史家、美术评论家陈传席对现代中国画坛30余位名家与大家的点评。作者对长期为人所忽略的名家大家进行挖掘,并在进行印象式批评的同时,结合讨论中国画的一些现象和问题。 | |
| 517 | 1 | @a评现代名家与大家@9ping xian dai ming jia yu da jia |
| 606 | 0 | @a画家@x人物研究@y中国@z现代 |
| 606 | 0 | @a中国画@x绘画评论@y中国@z现代 |
| 690 | @aK825.72=7@v5 | |
| 690 | @aJ212.05@v5 | |
| 701 | 0 | @a陈传席@9chen chuan xi@4著 |
| 801 | 0 | @aCN@b91MARC@c20150712 |
| 905 | @aMuseLib@dK825.72=7@e1114 | |
| 画坛点将录:评现代名家与大家/陈传席著.-北京:中国青年出版社,2015 |
| 411页:图;24cm |
| ISBN 978-7-5153-3306-9:CNY48.00 |
| 本书为著名美术史家、美术评论家陈传席对现代中国画坛30余位名家与大家的点评。作者对长期为人所忽略的名家大家进行挖掘,并在进行印象式批评的同时,结合讨论中国画的一些现象和问题。 |
| ● |
| 相关链接 |
|
|
|
|
正题名:画坛点将录
索取号:K825.72=7/1114
 
预约/预借
| 序号 | 登录号 | 条形码 | 馆藏地/架位号 | 状态 | 备注 |
| 1 | 1114846 | 211148462 | 第二样本阅览室/ [索取号:K825.72=7/1114] | 在馆 | |
| 2 | 1114847 | 211148471 | 教育系资料室/ [索取号:K825.72=7/1114] | 在馆 | |
| 3 | 1114848 | 211148480 | 教育系资料室/ [索取号:K825.72=7/1114] | 在馆 | |
| 4 | 1114849 | 211148499 | 教育系资料室/ [索取号:K825.72=7/1114] | 在馆 | |
| 5 | 1114850 | 211148505 | 第二借阅区/ [索取号:K825.72=7/1114] | 在馆 | |
| 6 | 1114851 | 211148514 | 第二借阅区/ [索取号:K825.72=7/1114] | 在馆 |